| 000 | 01405nam a22002537a 4500 | ||
|---|---|---|---|
| 003 | OSt | ||
| 005 | 20240712150358.0 | ||
| 008 | 240209t2022 ck a er 000 j spa d | ||
| 020 | _a9789585125421 | ||
| 037 | _3Donación | ||
| 040 |
_aCO-JMCR _cCO-JMCR _dCO-JMCR _erda |
||
| 041 | 0 | _aspa | |
| 082 | 0 | 4 |
_a923.946 _bA67 |
| 100 | 1 |
_aArciniegas, Germán, _d1900-1999 _eautor _914028 |
|
| 245 | 1 | 3 |
_aEl caballero de el dorado / _cGermán Arciniegas |
| 260 |
_aBogotá : _bSecretaría Distritál de Recreación y Deporte , _c©2022 |
||
| 300 |
_a264 páginas : _bIlustraciones a blanco y negro ; _c23 cm. |
||
| 490 | _aLeer para la vida | ||
| 500 | _aIncluye datos biográficos sobre el autor. | ||
| 520 | 3 | _aEs indudable que Cervantes se inspiró en la vida del licenciado don Gonzalo Jiménez de Quesada para escribir su Don Quijote», esta es la tesis expuesta en este libro, o sea, la delicada cuestión del quijotismo americano y la lectura poética de la historia que supone. El caballero de El Dorado pretende glorificar a la vez la gente común y la indoamericanidad. Arciniegas confesó que su aspiración era incitar a sus contemporáneos a escribir la «historia natural» de los americanos y no su «historia política". | |
| 650 | 1 | 4 |
_2JMCR _aExploradores _vBiografías _ySiglo XVI _zEspaña _943347 |
| 650 | 2 | 4 |
_2JMCR _aConquistadores _vBiografías _ySiglo XVI _zEspaña _943348 |
| 942 |
_2ddc _cBK |
||
| 999 |
_c30552 _d16936 |
||